Stolice państw Europy w 1914 - Statystyki

Ogólne statystyki
  • Ten quiz został rozwiązany 351 razy
    322 od ostatniego zresetowania
  • Średni wynik to 22 z 26
Statystyki odpowiedzi
Państwo Stolica % Poprawnych
Francja Paryż
100%
Niemcy Berlin
99%
Wielka Brytania Londyn
99%
Hiszpania Madryt
99%
Andora Andora
98%
Portugalia Lizbona
98%
Luksemburg Luksemburg
98%
Monako Monako
98%
Holandia Amsterdam
97%
Belgia Bruksela
97%
Dania Kopenhaga
97%
Austro-Węgry Wiedeń
92%
Włochy Rzym
89%
Szwecja Sztokholm
89%
Grecja Ateny
88%
San Marino San Marino
86%
Bułgaria Sofia
83%
Serbia Belgrad
82%
Szwajcaria Berno
82%
Rumunia Bukareszt
82%
Rosja Petersburg
81%
Liechtenstein Vaduz
77%
Liechtesntein Vaduz
71%
Czarnogóra Podgorica
62%
Norwegia Kristiania
14%
Albania Wlora
4%
Nie znaleziono quizów pasujących do podanych kryteriów
Rozkład punktacji
Procent ludzi z każdym wynikiem
Percentyl według liczby udzielonych odpowiedzi
Twoja historia wyników
Nie rozwiązałeś tego quizu od ostatniego zresetowania